| 000 | 01718cam a22004577i 4500 | ||
|---|---|---|---|
| 005 | 20230713123530.0 | ||
| 008 | 170508s2017 caua 001 0 eng d | ||
| 010 | _a 2017287436 | ||
| 020 |
_a9780134664286 _q(paperback) |
||
| 020 |
_a0134664280 _q(paperback) |
||
| 035 | _a(OCoLC)ocn973204590 | ||
| 040 |
_aPNX _beng _cPNX _erda _erda _dOCLCO _dGP5 _dOCLCF _dOCLCQ _dHF9 _dNHA _dYDX _dIBI _dOCL _dDLC |
||
| 042 | _alccopycat | ||
| 050 | 0 | 0 | _bM358 2017 |
| 082 | 0 | 4 |
_a005.72 _223 _bMAI-A |
| 100 | 1 | _aMaivald, James J., | |
| 245 | 1 | 0 |
_aAdobe Dreamweaver CC : _b2017 release / _cJim Maivald. |
| 246 | 3 | _aAdobe Dreamweaver Creative Cloud | |
| 260 |
_aUSA _bAdobe _cc2017 |
||
| 264 | 1 |
_aSan Francisco, California : _bPeachpit, _c[2017] |
|
| 300 |
_aviii, 488 pages : _billustrations (chiefly color) ; _c24 cm |
||
| 336 |
_atext _btxt _2rdacontent |
||
| 337 |
_aunmediated _bn _2rdamedia |
||
| 338 |
_avolume _bnc _2rdacarrier |
||
| 490 | 1 | _aClassroom in a book | |
| 500 | _a"The official training workbook from Adobe." | ||
| 500 | _aIncludes index. | ||
| 650 | 0 |
_aWeb sites _xAuthoring programs. |
|
| 650 | 0 | _aHTML editors (Computer programs) | |
| 650 | 0 | _aWeb site development. | |
| 650 | 0 |
_aWeb sites _xDesign. |
|
| 650 | 0 | _aCloud computing. | |
| 650 | 7 |
_aCloud computing. _2fast _0(OCoLC)fst01745899 |
|
| 650 | 7 |
_aHTML editors (Computer programs) _2fast _0(OCoLC)fst00950000 |
|
| 650 | 7 |
_aWeb site development. _2fast _0(OCoLC)fst01173243 |
|
| 650 | 7 |
_aWeb sites _xAuthoring programs. _2fast _0(OCoLC)fst01173249 |
|
| 650 | 7 |
_aWeb sites _xDesign. _2fast _0(OCoLC)fst01173252 |
|
| 906 |
_a7 _bcbc _ccopycat _d2 _encip _f20 _gy-gencatlg |
||
| 999 |
_c25964 _d25964 |
||